MARC details
| 000 -CABECERA |
| campo de control de longitud fija |
00972nam a2200277 a 4500 |
| 001 - NÚMERO DE CONTROL |
| campo de control |
000019771 |
| 005 - FECHA Y HORA DE LA ÚLTIMA TRANSACCIÓN |
| campo de control |
20200929170132.0 |
| 008 - DATOS DE LONGITUD FIJA--INFORMACIÓN GENERAL |
| campo de control de longitud fija |
100706s2000 mx r 000 0 spa d |
| 020 ## - NÚMERO INTERNACIONAL ESTÁNDAR DEL LIBRO |
| Número Internacional Estándar del Libro |
9687742127 |
| 040 ## - FUENTE DE LA CATALOGACIÓN |
| Centro catalogador/agencia de origen |
DO-SdBNP |
| Lengua de catalogación |
spa |
| Centro/agencia transcriptor |
BNPHU |
| 082 ## - NÚMERO DE LA CLASIFICACIÓN DECIMAL DEWEY |
| Número de clasificación |
121 |
| Número de documento/Ítem |
J915c |
| 100 1# - ENTRADA PRINCIPAL--NOMBRE DE PERSONA |
| Nombre de persona |
Juárez Hernández, Fernando |
| 9 (RLIN) |
42234 |
| 245 10 - MENCIÓN DE TÍTULO |
| Título |
Cognición versus memoria : |
| Resto del título |
un ejercicio de pragmática pedagógica / |
| Mención de responsabilidad, etc. |
Fernando Juárez Hernández. |
| 260 ## - PUBLICACIÓN, DISTRIBUCIÓN, ETC. |
| Lugar de publicación, distribución, etc. |
México : |
| Nombre del editor, distribuidor, etc. |
Universidad Pedagógica Nacional (UPN), |
| Fecha de publicación, distribución, etc. |
2000. |
| 300 ## - DESCRIPCIÓN FÍSICA |
| Extensión |
124 p. ; |
| Dimensiones |
22 cm. |
| 490 1# - MENCIÓN DE SERIE |
| Mención de serie |
Textos ; |
| Designación de volumen o secuencia |
13 |
| 500 ## - NOTA GENERAL |
| Nota general |
Incluye bibliografía [pag. 123-124]. |
| 500 ## - NOTA GENERAL |
| Nota general |
Incluye índice onomástico. |
| 500 ## - NOTA GENERAL |
| Nota general |
Incluye índice analítico. |
| 504 ## - NOTA DE BIBLIOGRAFÍA, ETC. |
| Nota de bibliografía, etc. |
Incluye referencias bibliográficas y notas al pie de las páginas |
| 650 #4 - PUNTO DE ACCESO ADICIONAL DE MATERIA--TÉRMINO DE MATERIA |
| Término de materia o nombre geográfico como elemento de entrada |
Teoría del conocimiento |
| 9 (RLIN) |
13 |
| 650 #4 - PUNTO DE ACCESO ADICIONAL DE MATERIA--TÉRMINO DE MATERIA |
| Término de materia o nombre geográfico como elemento de entrada |
Filosofía del lenguaje |
| 9 (RLIN) |
11270 |
| 650 #4 - PUNTO DE ACCESO ADICIONAL DE MATERIA--TÉRMINO DE MATERIA |
| Término de materia o nombre geográfico como elemento de entrada |
Memoria |
| 9 (RLIN) |
40852 |
| 650 #4 - PUNTO DE ACCESO ADICIONAL DE MATERIA--TÉRMINO DE MATERIA |
| Término de materia o nombre geográfico como elemento de entrada |
Dicción |
| 9 (RLIN) |
42235 |
| 830 #0 - PUNTO DE ACCESO ADICIONAL DE SERIE-TÍTULO UNIFORME |
| Título uniforme |
Textos ; |
| Número de parte o sección de la obra |
13 |
| 9 (RLIN) |
42236 |